| 000 | 01104cam a22003135i 4500 | ||
|---|---|---|---|
| 999 |
_c28914 _d28885 |
||
| 001 | 016010149 | ||
| 003 | EG-ScBUE | ||
| 005 | 20201014121501.0 | ||
| 008 | 120112s2012 enka f b 001 0 eng d | ||
| 020 | _a9781856697941 (pbk.) | ||
| 020 | _a1856697940 (pbk.) | ||
| 040 |
_aStDuBDS _beng _erda _cStDuBDS _dUk _dEG-ScBUE |
||
| 082 | 0 | 4 |
_a741.609 _bHEL _222 |
| 100 | 1 |
_aHeller, Steven, _eauthor. |
|
| 245 | 1 | 0 |
_a100 ideas that changed graphic design / _cSteven Heller, Véronique Vienne. |
| 246 | 3 | _aOne hundred ideas that changed graphic design | |
| 246 | 3 | _aHundred ideas that changed graphic design | |
| 264 | 1 |
_aLondon : _bLaurence King Publishing Ltd., _c2012. |
|
| 300 |
_a216 pages : _billustrations ; _c27 cm |
||
| 336 |
_atext _btxt _2rdacontent |
||
| 337 |
_aunmediated _bn _2rdamedia |
||
| 338 |
_avolume _bnc _2rdacarrier |
||
| 504 | _aIncludes bibliographical references and index. | ||
| 650 | 7 |
_aGraphic arts _xHistory. _2BUEsh |
|
| 650 | 0 |
_aGraphic arts _xTechnological innovations. _2BUEsh |
|
| 653 |
_bCOMSCI _cOctober2020 |
||
| 700 | 1 |
_aVienne, Véronique, _eauthor. |
|
| 942 |
_2ddc _cBB |
||